| 000 | 00359cam a22001331 4500 | ||
|---|---|---|---|
| 082 |
_a531.1 _bGRE _cL-5,P-4 |
||
| 100 | 1 |
_aGreen, S. L. _939975 |
|
| 245 | 0 | 0 | _aDynamics. |
| 260 |
_aLondon, _bUniversity Tutorial Press _c[1948] |
||
| 300 |
_a263 p. _bdiagrs. _c22 cm. |
||
| 526 |
_a0 _b0 _c0 _d531_100000000000000_GRE |
||
| 650 | 0 |
_aDynamics. _97202 |
|
| 942 |
_2ddc _cBK |
||
| 999 |
_c544360 _d544360 |
||